Filosofía del derecho, derecho natural. Conceptos iusnaturalistas actuales
محفوظ في:
| المؤلف الرئيسي: | |
|---|---|
| التنسيق: | كتاب |
| اللغة: | الإسبانية |
| منشور في: |
Madrid
Universidad Complutense
1977
|
| الطبعة: | 2a. ed |
| الموضوعات: | |
| الوسوم: |
إضافة وسم
لا توجد وسوم, كن أول من يضع وسما على هذه التسجيلة!
|
MARC
| LEADER | 00000nam a2200000 a 4500 | ||
|---|---|---|---|
| 001 | UCS9443 | ||
| 003 | CL-VaPUC | ||
| 008 | 971113e19770000SP |||||||||||||||||spa|d | ||
| 082 | 0 | 4 | |a 340.1 |b SER |2 21 |
| 100 | 0 | |a Serrano Villafañe, Emilio |e author |9 394419 | |
| 245 | 1 | 0 | |a Filosofía del derecho, derecho natural. Conceptos iusnaturalistas actuales |
| 250 | |a 2a. ed | ||
| 300 | |a 350 p | ||
| 942 | |c BK | ||
| 945 | |d 19971113 00:00:00 |a aolguin | ||
| 260 | |a Madrid |b Universidad Complutense |c 1977 | ||
| 650 | 0 | |a Filosofía del derecho |9 255050 | |
| 650 | 0 | |a Iusnaturalismo |9 393557 | |
| 650 | 0 | |a Derecho natural |9 255041 | |
| 650 | 7 | |a TRADICION |2 CL-VaPUC |9 375988 | |
| 650 | 0 | |a Historicismo |9 318908 | |
| 650 | 0 | |a Sociología |9 255410 | |
| 650 | 0 | |a Iusnaturalismo |9 393557 | |
| 650 | 0 | |a Naturaleza |9 269656 | |
| 650 | 0 | |a Teleología |9 325013 | |
| 583 | |a last modification |c 19971113 00:00:00 |k Rodrigo Vera | ||
| 999 | |c 263244 |d 263242 | ||
| 952 | |0 0 |1 0 |4 0 |6 340_100000000000000_SER_1977 |7 0 |8 DER_TF |9 292431 |a BIBDER |b BIBDER |d 2019-11-19 |i 1898108 |o 340.1 SER 1977 |p 1898108 |r 2023-01-25 |w 2019-11-19 |x Ubicación 4to Piso |y BK |z Estos recursos deben solicitarse con anticipación |k DER | ||